000 00280nam a2200109Ia 4500
008 200302s9999 xx 000 0 und d
100 _aSusan Zevon
245 _aInside Architecture Interiors By Architects
260 _bRockport Publishers Inc.
260 _c2000
300 _a192 P.,
999 _c2085
_d2085